[Event "Titled Tuesday intern op 07th Jun Late"]
[Site "Chess.com INT"]
[Date "2022.06.07"]
[Round "11"]
[White "Licznerski, Lukasz"]
[Black "Vajda, Levente"]
[Result "1-0"]
[WhiteElo "2450"]
[BlackElo "2534"]
[PlyCount "71"]
[EventDate "2022.06.07"]
[EventType "swiss (blitz)"]
[EventRounds "11"]
[EventCountry "USA"]
[SourceTitle "CBM 208 Extra"]
[Source "ChessBase"]
[SourceDate "2022.07.31"]
[SourceVersion "1"]
[SourceVersionDate "2022.07.31"]
[SourceQuality "1"]

1. e4 e5 2. Nf3 Nc6 3. Bb5 a6 4. Bxc6 dxc6 5. 0-0 f6 6. d4 exd4 7. Nxd4 c5 8. Nb3 Qxd1 9. Rxd1 Bd6 10. Be3 b6 11. Nc3 Be6 12. a4 Ne7 13. a5 Bxb3 14. cxb3 bxa5 15. Rxa5 Rb8 16. Bxc5 Nc6 17. Rxa6 Bxc5 18. Rxc6 Bd6 19. b4 0-0 20. b5 Be5 21. Kf1 Rf7 22. g3 g5 23. Rd5 Kg7 24. Ke2 Re8 25. Ke3 f5 26. f3 g4 27. f4 Bxc3 28. bxc3 Rxe4+ 29. Kd3 Rfe7 30. Rxf5 Re3+ 31. Kc4 Re2 32. Rg5+ Kf7 33. Rh5 Kg7 34. Rh4 Kh8 35. Rxg4 Rg2 36. b6 1-0

[Event "Titled Tuesday intern op 07th Jun Late"]
[Site "Chess.com INT"]
[Date "2022.06.07"]
[Round "3"]
[White "Martinez Alcantara, Jose Eduardo"]
[Black "Vajda, Levente"]
[Result "1-0"]
[WhiteElo "2591"]
[BlackElo "2534"]
[PlyCount "107"]
[EventDate "2022.06.07"]
[EventType "swiss (blitz)"]
[EventRounds "11"]
[EventCountry "USA"]
[SourceTitle "CBM 208 Extra"]
[Source "ChessBase"]
[SourceDate "2022.07.31"]
[SourceVersion "1"]
[SourceVersionDate "2022.07.31"]
[SourceQuality "1"]

1. e4 e5 2. Nf3 Nc6 3. Bb5 a6 4. Ba4 Nf6 5. d3 d6 6. c3 Be7 7. 0-0 0-0 8. Nbd2 Re8 9. Re1 Bf8 10. Nf1 g6 11. Ng3 Bg7 12. h3 b5 13. Bb3 Bb7 14. Be3 a5 15. a4 b4 16. d4 bxc3 17. bxc3 exd4 18. cxd4 Nb4 19. e5 Nfd5 20. Bg5 f6 21. exf6 Rxe1+ 22. Qxe1 Bxf6 23. Qe6+ Kh8 24. Ne4 Bxg5 25. Nfxg5 Qe7 26. Qxe7 Nxe7 27. Nf6 Kg7 28. Ng4 Bd5 29. Bxd5 Nexd5 30. Re1 h5 31. Ne3 Re8 32. Rc1 Kf6 33. Nh7+ Kg7 34. Ng5 Kf6 35. h4 Re7 36. Nxd5+ Nxd5 37. Rb1 Nb6 38. Rb5 Re1+ 39. Kh2 Rd1 40. Nf3 Nxa4 41. Rxa5 Nb6 42. Ra7 Rc1 43. Rb7 Nd5 44. Rb8 Rc2 45. Kg3 Nc3 46. Re8 Ne2+ 47. Kh2 Nf4 48. Ng5 c5 49. Rf8+ Ke7 50. Rxf4 c4 51. d5 c3 52. Rc4 Kf6 53. Rxc3 Rd2 54. Ne4+ 1-0

[Event "Titled Tuesday intern op 07th Jun Late"]
[Site "Chess.com INT"]
[Date "2022.06.07"]
[Round "9"]
[White "Pinheiro, Iung Alicio"]
[Black "Vajda, Levente"]
[Result "0-1"]
[WhiteElo "2320"]
[BlackElo "2534"]
[PlyCount "86"]
[EventDate "2022.06.07"]
[EventType "swiss (blitz)"]
[EventRounds "11"]
[EventCountry "USA"]
[SourceTitle "CBM 208 Extra"]
[Source "ChessBase"]
[SourceDate "2022.07.31"]
[SourceVersion "1"]
[SourceVersionDate "2022.07.31"]
[SourceQuality "1"]

1. c4 Nf6 2. g3 g6 3. Bg2 Bg7 4. Nc3 0-0 5. d3 d6 6. Bg5 h6 7. Bd2 Kh7 8. Qc1 c6 9. h4 e5 10. h5 g5 11. Nf3 Nbd7 12. Bxg5 Nc5 13. Bd2 Ne6 14. Nh4 Nc7 15. Qc2 d5 16. e3 d4 17. exd4 exd4 18. Ne4 Ng4 19. c5 Nd5 20. Nd6 Be6 21. Be4+ Kh8 22. Ndf5 Qf6 23. Rf1 Rfe8 24. 0-0-0 b6 25. Nd6 Red8 26. Ndf5 Rab8 27. Nxg7 Kxg7 28. Kb1 bxc5 29. Ka1 Rb5 30. Rde1 Rdb8 31. Rb1 a5 32. Rbe1 Rxb2 33. Qxb2 Rxb2 34. Kxb2 c4 35. dxc4 d3+ 36. Kb1 Nc3+ 37. Bxc3 Qxc3 38. Nf5+ Bxf5 39. Bxf5 Qc2+ 40. Ka1 Qc3+ 41. Kb1 Nxf2 42. Rc1 Qb4+ 43. Ka1 d2 0-1

[Event "Titled Tuesday intern op 31st May Early"]
[Site "Chess.com INT"]
[Date "2022.05.31"]
[Round "6"]
[White "Ambartsumova, Karina"]
[Black "Vajda, Levente"]
[Result "1-0"]
[WhiteElo "2386"]
[BlackElo "2534"]
[PlyCount "93"]
[EventDate "2022.05.31"]
[EventType "swiss (blitz)"]
[EventRounds "11"]
[EventCountry "USA"]
[SourceTitle "CBM 208 Extra"]
[Source "ChessBase"]
[SourceDate "2022.07.31"]
[SourceVersion "1"]
[SourceVersionDate "2022.07.31"]
[SourceQuality "1"]

1. d4 Nf6 2. Nf3 d5 3. c4 e6 4. Nc3 Be7 5. Bg5 0-0 6. e3 h6 7. Bh4 b6 8. Qc2 Bb7 9. Rd1 Nbd7 10. Be2 dxc4 11. 0-0 Nd5 12. Bg3 Nb4 13. Qb1 Ba6 14. Nd2 b5 15. e4 Qc8 16. a3 Nc6 17. Nf3 Na5 18. d5 Nc5 19. Nd4 Rb8 20. Bg4 Rb6 21. dxe6 fxe6 22. Nd5 Bd8 23. Nxb6 axb6 24. Qc2 Nab3 25. Be5 Nxd4 26. Bxd4 Bb7 27. Rfe1 Bf6 28. Bxf6 Rxf6 29. Re3 Qe8 30. Be2 Kh8 31. e5 Rf7 32. Bh5 Bd5 33. Qg6 Kg8 34. Qxf7+ Qxf7 35. Bxf7+ Kxf7 36. Kf1 Ke7 37. f3 Kd7 38. Kf2 Kc6 39. g4 Na4 40. Rd2 Kc5 41. f4 b4 42. axb4+ Kxb4 43. f5 exf5 44. Rxd5 Nc5 45. e6 f4 46. e7 fxe3+ 47. Kxe3 1-0

[Event "Titled Tuesday intern op 31st May Late"]
[Site "Chess.com INT"]
[Date "2022.05.31"]
[Round "7"]
[White "Maksimenko, Viktor"]
[Black "Vajda, Levente"]
[Result "1-0"]
[WhiteElo "2181"]
[BlackElo "2534"]
[PlyCount "61"]
[EventDate "2022.05.31"]
[EventType "swiss (blitz)"]
[EventRounds "11"]
[EventCountry "USA"]
[SourceTitle "CBM 208 Extra"]
[Source "ChessBase"]
[SourceDate "2022.07.31"]
[SourceVersion "1"]
[SourceVersionDate "2022.07.31"]
[SourceQuality "1"]

1. d4 Nf6 2. c4 c5 3. d5 b5 4. cxb5 a6 5. bxa6 Bxa6 6. Nc3 d6 7. e4 Bxf1 8. Kxf1 Nbd7 9. g3 g6 10. Kg2 Bg7 11. Nf3 0-0 12. Qc2 Qa5 13. Rd1 Rfb8 14. a4 Rb4 15. Ra3 Qa6 16. h3 Rab8 17. Nd2 Ne5 18. Nb5 c4 19. f4 Nd3 20. Nxc4 Nc5 21. e5 dxe5 22. fxe5 Nxd5 23. Rxd5 Qc6 24. Ne3 e6 25. Qxc5 Qb7 26. Qxb4 exd5 27. Qd4 Re8 28. Nd6 Qa6 29. Nxe8 Qe2+ 30. Kg1 Bxe5 31. Qd2 1-0

[Event "Titled Tuesday intern op 31st May Late"]
[Site "Chess.com INT"]
[Date "2022.05.31"]
[Round "3"]
[White "Terry, Renato"]
[Black "Vajda, Levente"]
[Result "1/2-1/2"]
[WhiteElo "2504"]
[BlackElo "2534"]
[PlyCount "67"]
[EventDate "2022.05.31"]
[EventType "swiss (blitz)"]
[EventRounds "11"]
[EventCountry "USA"]
[SourceTitle "CBM 208 Extra"]
[Source "ChessBase"]
[SourceDate "2022.07.31"]
[SourceVersion "1"]
[SourceVersionDate "2022.07.31"]
[SourceQuality "1"]

1. d4 d5 2. Bg5 Nf6 3. Nc3 e6 4. e3 Be7 5. Bd3 h6 6. Bh4 a6 7. Nf3 Nbd7 8. 0-0 c5 9. e4 c4 10. Be2 dxe4 11. Nd2 b5 12. Ncxe4 Nxe4 13. Bxe7 Qxe7 14. Nxe4 Bb7 15. Bf3 0-0 16. c3 Rfd8 17. Qe2 Nb6 18. Rfe1 Bxe4 19. Bxe4 Rac8 20. a3 Qf6 21. Rad1 Nd5 22. g3 g6 23. h4 Kg7 24. Kg2 h5 25. Bf3 Ne7 26. Qe5 Nd5 27. Rd2 Rd7 28. Rde2 Rcd8 29. Qxf6+ Kxf6 30. Re5 Rd6 31. R1e2 R6d7 32. Re1 Rd6 33. R1e2 R6d7 34. Re1 1/2-1/2

[Event "Titled Tuesday intern op 31st May Early"]
[Site "Chess.com INT"]
[Date "2022.05.31"]
[Round "7"]
[White "Vajda, Levente"]
[Black "Lopez, Henry"]
[Result "1-0"]
[WhiteElo "2534"]
[BlackElo "2107"]
[PlyCount "59"]
[EventDate "2022.05.31"]
[EventType "swiss (blitz)"]
[EventRounds "11"]
[EventCountry "USA"]
[SourceTitle "CBM 208 Extra"]
[Source "ChessBase"]
[SourceDate "2022.07.31"]
[SourceVersion "1"]
[SourceVersionDate "2022.07.31"]
[SourceQuality "1"]

1. e4 c5 2. c3 Nf6 3. e5 Nd5 4. d4 cxd4 5. Nf3 Nc6 6. cxd4 d6 7. Bc4 Nb6 8. Bb5 dxe5 9. Nxe5 Bd7 10. Nxd7 Qxd7 11. Nc3 e6 12. 0-0 Be7 13. Qg4 Bf6 14. Rd1 a6 15. Bxc6 Qxc6 16. Bf4 Nd5 17. Rac1 0-0 18. Ne4 Qd7 19. Rc7 Qb5 20. Rc5 h5 21. Nxf6+ Nxf6 22. Rxb5 hxg4 23. Rxb7 Rfc8 24. h3 gxh3 25. gxh3 Rc2 26. Rd3 Nd5 27. Bd2 Rac8 28. Kf1 R8c6 29. Ke1 g6 30. Kd1 1-0

[Event "Titled Tuesday intern op 31st May Early"]
[Site "Chess.com INT"]
[Date "2022.05.31"]
[Round "5"]
[White "Vajda, Levente"]
[Black "Secer, Ata"]
[Result "1/2-1/2"]
[WhiteElo "2534"]
[BlackElo "2360"]
[PlyCount "109"]
[EventDate "2022.05.31"]
[EventType "swiss (blitz)"]
[EventRounds "11"]
[EventCountry "USA"]
[SourceTitle "CBM 208 Extra"]
[Source "ChessBase"]
[SourceDate "2022.07.31"]
[SourceVersion "1"]
[SourceVersionDate "2022.07.31"]
[SourceQuality "1"]

1. e4 c5 2. c3 Nf6 3. e5 Nd5 4. d4 cxd4 5. Nf3 e6 6. cxd4 d6 7. Bc4 Be7 8. 0-0 0-0 9. Qe2 b6 10. Nc3 Nxc3 11. bxc3 Bb7 12. exd6 Bxd6 13. Bd3 Nd7 14. h3 Qc7 15. Bd2 Bf4 16. Rfd1 Bxd2 17. Qxd2 Bxf3 18. gxf3 Nf6 19. Rac1 Rfd8 20. c4 Rd7 21. Qe3 Rad8 22. Be4 e5 23. d5 g6 24. c5 Nxd5 25. Bxd5 Rxd5 26. Rxd5 Rxd5 27. cxb6 Qxb6 28. Qxb6 axb6 29. Rb1 b5 30. Rb4 Kg7 31. a4 bxa4 32. Rxa4 Rd4 33. Ra7 g5 34. Kg2 Kg6 35. Re7 f6 36. Re8 h5 37. Rg8+ Kf5 38. Rh8 h4 39. Ra8 Kf4 40. Ra6 f5 41. Ra3 Rb4 42. Rc3 Ra4 43. Rb3 Ra2 44. Rb4+ e4 45. fxe4 fxe4 46. Rb3 Re2 47. Kf1 Rd2 48. Kg2 Rc2 49. Ra3 Re2 50. Kf1 Rd2 51. Kg2 Rc2 52. Rb3 Rd2 53. Ra3 Rc2 54. Rb3 Rd2 55. Ra3 1/2-1/2

[Event "Titled Tuesday intern op 24th May Early"]
[Site "Chess.com INT"]
[Date "2022.05.24"]
[Round "3"]
[White "Bortnyk, Olexandr"]
[Black "Vajda, Levente"]
[Result "1-0"]
[WhiteElo "2604"]
[BlackElo "2534"]
[PlyCount "135"]
[EventDate "2022.05.24"]
[EventType "swiss (blitz)"]
[EventRounds "11"]
[EventCountry "USA"]
[SourceTitle "EXT 2023"]
[Source "ChessBase"]
[SourceDate "2022.10.05"]
[SourceVersion "1"]
[SourceVersionDate "2022.10.05"]
[SourceQuality "1"]

1. d4 d5 2. Nc3 e6 3. Bf4 Bd6 4. e3 Bxf4 5. exf4 Nf6 6. Nf3 0-0 7. Bd3 b6 8. 0-0 c5 9. Re1 Nc6 10. dxc5 bxc5 11. Ne5 Bb7 12. Qf3 Rc8 13. Qh3 c4 14. Bf1 Nd4 15. Red1 Nxc2 16. Rac1 Nb4 17. Bxc4 Qb6 18. Bb3 d4 19. Ne2 Rxc1 20. Nxc1 h6 21. Ne2 Rd8 22. Qh4 d3 23. Nc3 d2 24. Nc4 Qc5 25. Rxd2 Rxd2 26. Nxd2 Nd3 27. Qg3 Nxb2 28. h3 a5 29. a4 Qb4 30. Qe3 Qd6 31. f3 Nd3 32. g3 Nc5 33. Nc4 Qc7 34. Ba2 Ncd7 35. Nb5 Qd8 36. Ncd6 Bd5 37. Bb1 Qb6 38. Kf2 Qxe3+ 39. Kxe3 Nb6 40. Nc3 Kf8 41. Bc2 Ke7 42. Nde4 Nfd7 43. Kd4 f5 44. Nc5 Kd6 45. Nd3 Nc4 46. Nb5+ Kc6 47. g4 g6 48. Bd1 Kb6 49. h4 h5 50. gxh5 gxh5 51. Kc3 Nc5 52. Nxc5 Kxc5 53. Be2 Nb6 54. Bd1 Bc6 55. Nd4 Bd5 56. Ne2 Nc4 57. Ng3 Nb6 58. Nxh5 Bc6 59. Ng7 Bxa4 60. Nxe6+ Kd6 61. Bxa4 Nxa4+ 62. Kb3 Kxe6 63. Kxa4 Kf6 64. Kxa5 Kg6 65. Kb5 Kh5 66. Kc5 Kxh4 67. Kd5 Kg3 68. Ke5 1-0

[Event "Titled Tuesday intern op 24th May Early"]
[Site "Chess.com INT"]
[Date "2022.05.24"]
[Round "6"]
[White "Svane, Rasmus"]
[Black "Vajda, Levente"]
[Result "1-0"]
[WhiteElo "2651"]
[BlackElo "2534"]
[PlyCount "73"]
[EventDate "2022.05.24"]
[EventType "swiss (blitz)"]
[EventRounds "11"]
[EventCountry "USA"]
[SourceTitle "EXT 2023"]
[Source "ChessBase"]
[SourceDate "2022.10.05"]
[SourceVersion "1"]
[SourceVersionDate "2022.10.05"]
[SourceQuality "1"]

1. Nf3 Nf6 2. g3 g6 3. Bg2 Bg7 4. 0-0 0-0 5. d4 d6 6. Re1 Nbd7 7. e4 e5 8. Nc3 c6 9. a4 a5 10. Be3 h6 11. h3 Kh7 12. Qd2 Re8 13. Rad1 Qe7 14. d5 c5 15. Bf1 Rf8 16. Nh2 Ng8 17. Bd3 Ndf6 18. Kg2 Qd7 19. g4 Qe7 20. Nf1 Ne8 21. b3 Nc7 22. Nb1 b6 23. Ng3 Bf6 24. Na3 Ba6 25. Bxa6 Nxa6 26. Nc4 Rab8 27. f4 Bh4 28. fxe5 dxe5 29. d6 Qe6 30. Qd5 Nb4 31. Qxe6 fxe6 32. Re2 Nc6 33. d7 Nd4 34. Red2 Rf3 35. Nf1 Rbf8 36. Nxe5 R3f6 37. c3 1-0

[Event "Titled Tuesday intern op 24th May Late"]
[Site "Chess.com INT"]
[Date "2022.05.24"]
[Round "5"]
[White "Vajda, Levente"]
[Black "Al Tarbosh, Ward"]
[Result "1-0"]
[WhiteElo "2534"]
[BlackElo "2186"]
[PlyCount "40"]
[EventDate "2022.05.24"]
[EventType "swiss (blitz)"]
[EventRounds "11"]
[EventCountry "USA"]
[SourceTitle "EXT 2023"]
[Source "ChessBase"]
[SourceDate "2022.10.05"]
[SourceVersion "1"]
[SourceVersionDate "2022.10.05"]
[SourceQuality "1"]

1. e4 e6 2. d4 d5 3. Nd2 c5 4. exd5 Qxd5 5. Ngf3 cxd4 6. Bc4 Qd6 7. 0-0 Nf6 8. Nb3 Nc6 9. Nbxd4 Nxd4 10. Nxd4 Be7 11. c3 0-0 12. Qf3 Qc7 13. Bb3 a6 14. Bg5 h6 15. Bh4 Nd5 16. Bg3 Qc5 17. Rad1 Rd8 18. Rfe1 Bd7 19. Bxd5 exd5 20. b4 Qc8 1-0

[Event "Titled Tuesday intern op 24th May Late"]
[Site "Chess.com INT"]
[Date "2022.05.24"]
[Round "1"]
[White "Vajda, Levente"]
[Black "Remolar Gallen, Jose"]
[Result "1-0"]
[WhiteElo "2534"]
[BlackElo "2305"]
[PlyCount "85"]
[EventDate "2022.05.24"]
[EventType "swiss (blitz)"]
[EventRounds "11"]
[EventCountry "USA"]
[SourceTitle "EXT 2023"]
[Source "ChessBase"]
[SourceDate "2022.10.05"]
[SourceVersion "1"]
[SourceVersionDate "2022.10.05"]
[SourceQuality "1"]

1. e4 c5 2. c3 g6 3. d4 cxd4 4. cxd4 d5 5. exd5 Nf6 6. Nc3 Bg7 7. Qb3 0-0 8. Be2 Nbd7 9. Bf3 Nb6 10. Nge2 Bf5 11. 0-0 Bd3 12. d6 exd6 13. Rd1 Bc4 14. Qc2 Nfd5 15. Nf4 Nxc3 16. bxc3 d5 17. a4 a5 18. Rb1 Rc8 19. Ba3 Re8 20. Bg4 Rc6 21. Bf3 Qg5 22. Bc1 Qe7 23. Be3 Qd7 24. h4 Rf6 25. Nd3 Bxd3 26. Qxd3 Qxa4 27. Ra1 Qc4 28. Rxa5 Qxd3 29. Rxd3 Rc6 30. Bxd5 Nxd5 31. Rxd5 Rec8 32. Bd2 Bf6 33. Rb5 b6 34. g3 Bd8 35. Kg2 Kf8 36. h5 Ke8 37. g4 Kd7 38. Rf3 f6 39. hxg6 hxg6 40. Rh3 Be7 41. Rh7 Rg8 42. d5 Rd6 43. Bf4 1-0

[Event "Titled Tuesday intern op 24th May Late"]
[Site "Chess.com INT"]
[Date "2022.05.24"]
[Round "8"]
[White "Vajda, Levente"]
[Black "Svane, Rasmus"]
[Result "1-0"]
[WhiteElo "2534"]
[BlackElo "2651"]
[PlyCount "117"]
[EventDate "2022.05.24"]
[EventType "swiss (blitz)"]
[EventRounds "11"]
[EventCountry "USA"]
[SourceTitle "EXT 2023"]
[Source "ChessBase"]
[SourceDate "2022.10.05"]
[SourceVersion "1"]
[SourceVersionDate "2022.10.05"]
[SourceQuality "1"]

1. e4 c6 2. d4 d5 3. exd5 cxd5 4. c4 Nf6 5. Nc3 Nc6 6. Nf3 a6 7. cxd5 Nxd5 8. Bd3 g6 9. 0-0 Bg7 10. h3 0-0 11. Re1 Ndb4 12. Be4 Nxd4 13. a3 Nbc6 14. Bg5 h6 15. Bh4 g5 16. Nxg5 hxg5 17. Bxg5 Ne6 18. Qh5 Nxg5 19. Qxg5 f5 20. Bxc6 bxc6 21. Rxe7 Qd4 22. Rae1 Ra7 23. Rd1 Qxd1+ 24. Nxd1 Rxe7 25. Qxe7 f4 26. Nc3 f3 27. gxf3 Bxh3 28. Qc7 Rxf3 29. Qxc6 Rf6 30. Qa8+ Kh7 31. f3 Rg6+ 32. Kf2 Bd4+ 33. Ke2 Bf5 34. Ne4 Bxb2 35. Qb7+ Bg7 36. a4 Re6 37. Ke3 Kg6 38. a5 Bh6+ 39. Kd3 Bg7 40. Qd5 Re5 41. Qa2 Rb5 42. Ke3 Bh6+ 43. Kf2 Bf4 44. Qc2 Re5 45. Qc6+ Re6 46. Qa8 Be5 47. Qg8+ Bg7 48. Qb8 Rc6 49. Qg3+ Kf7 50. Ng5+ Kg8 51. Ne4 Rg6 52. Qb8+ Kh7 53. Qh2+ Bh6 54. Qc7+ Rg7 55. Qd6 Rg6 56. Qe5 Bxe4 57. Qxe4 Bg7 58. f4 Kh6 59. Qh1# 1-0

[Event "Titled Tuesday intern op 10th May Late"]
[Site "Chess.com INT"]
[Date "2022.05.10"]
[Round "7"]
[White "Bortnyk, Olexandr"]
[Black "Vajda, Levente"]
[Result "1-0"]
[WhiteElo "2604"]
[BlackElo "2534"]
[PlyCount "79"]
[EventDate "2022.05.10"]
[EventType "swiss (blitz)"]
[EventRounds "11"]
[EventCountry "USA"]
[SourceTitle "CBM 208 Extra"]
[Source "ChessBase"]
[SourceDate "2022.07.31"]
[SourceVersion "1"]
[SourceVersionDate "2022.07.31"]
[SourceQuality "1"]

1. d4 d5 2. Nc3 e6 3. Bf4 Bd6 4. e3 Bxf4 5. exf4 Nf6 6. Nf3 0-0 7. Bd3 c5 8. dxc5 Nbd7 9. b4 a5 10. a3 Qc7 11. g3 b6 12. Nb5 Qb7 13. Nd6 Qc7 14. Nxc8 Rfxc8 15. cxb6 Qxb6 16. Rb1 axb4 17. axb4 Ne8 18. 0-0 Nd6 19. Kg2 h6 20. Re1 Ra3 21. Ne5 Nxe5 22. Rxe5 Nc4 23. Re1 Nd6 24. Qh5 Rac3 25. Re2 R3c7 26. h4 Ne4 27. Rb3 Nf6 28. Qe5 Ng4 29. Qa1 h5 30. b5 Ra7 31. Ra3 Rxa3 32. Qxa3 g6 33. Qa6 Qc5 34. b6 Rb8 35. b7 Qc7 36. Bxg6 fxg6 37. Rxe6 Rxb7 38. Rxg6+ Kf8 39. Qe6 Qd7 40. Rg8# 1-0

[Event "Titled Tuesday intern op 10th May Late"]
[Site "Chess.com INT"]
[Date "2022.05.10"]
[Round "8"]
[White "Derraugh, Geordie"]
[Black "Vajda, Levente"]
[Result "0-1"]
[WhiteElo "2177"]
[BlackElo "2534"]
[PlyCount "118"]
[EventDate "2022.05.10"]
[EventType "swiss (blitz)"]
[EventRounds "11"]
[EventCountry "USA"]
[SourceTitle "CBM 208 Extra"]
[Source "ChessBase"]
[SourceDate "2022.07.31"]
[SourceVersion "1"]
[SourceVersionDate "2022.07.31"]
[SourceQuality "1"]

1. e4 e5 2. Nf3 Nc6 3. d4 exd4 4. Bc4 Nf6 5. e5 d5 6. Bb5 Ne4 7. Nxd4 Bd7 8. Bxc6 bxc6 9. 0-0 Bc5 10. f3 Ng5 11. f4 Ne4 12. Be3 Qb8 13. Qc1 Bxd4 14. Bxd4 c5 15. Be3 d4 16. Nd2 Nxd2 17. Bxd2 Bf5 18. c3 0-0 19. cxd4 cxd4 20. b3 Qb6 21. Qc4 c5 22. Rac1 Rac8 23. Rfd1 Be6 24. Qd3 g6 25. Be1 Rfd8 26. Bf2 Bf5 27. Qg3 d3 28. Qe3 Rd5 29. h3 h5 30. g4 hxg4 31. hxg4 Bxg4 32. Rxd3 Rxd3 33. Qxd3 Qa5 34. Qc2 Bf5 35. Qe2 Be6 36. Bh4 Qb4 37. Rf1 Qd4+ 38. Qf2 f5 39. Rc1 Qd5 40. Qg2 Qxg2+ 41. Kxg2 Kf7 42. Bf2 c4 43. bxc4 Bxc4 44. Kg3 Ke6 45. Bxa7 Rc6 46. a3 Kd5 47. Rd1+ Ke6 48. Bd4 Bd5 49. Rb1 Rc4 50. Rb6+ Ke7 51. Bf2 Rc3+ 52. Kh4 Rc2 53. Bd4 Rg2 54. Rd6 Bc4 55. Bc5 Kf7 56. Rf6+ Kg7 57. Bf8+ Kg8 58. Kh3 Bf1 59. Kh4 Rg4# 0-1

[Event "Titled Tuesday intern op 10th May Late"]
[Site "Chess.com INT"]
[Date "2022.05.10"]
[Round "4"]
[White "Girsh, Daniel"]
[Black "Vajda, Levente"]
[Result "0-1"]
[WhiteElo "2076"]
[BlackElo "2534"]
[PlyCount "60"]
[EventDate "2022.05.10"]
[EventType "swiss (blitz)"]
[EventRounds "11"]
[EventCountry "USA"]
[SourceTitle "CBM 208 Extra"]
[Source "ChessBase"]
[SourceDate "2022.07.31"]
[SourceVersion "1"]
[SourceVersionDate "2022.07.31"]
[SourceQuality "1"]

1. e4 e5 2. Nf3 Nc6 3. Bb5 a6 4. Ba4 Nf6 5. 0-0 b5 6. Bb3 Bc5 7. a4 b4 8. c3 bxc3 9. bxc3 Ba7 10. d4 0-0 11. Bg5 d6 12. Re1 Rb8 13. Bd5 Bb7 14. dxe5 Nxe5 15. Nxe5 dxe5 16. Nd2 h6 17. Bxf6 Qxf6 18. Qf3 Qg5 19. Rad1 Bxd5 20. exd5 Rb2 21. Ne4 Qg6 22. Re2 Rfb8 23. c4 f5 24. Ng3 e4 25. Qf4 Rxe2 26. Nxe2 Rb2 27. Qxc7 Bb6 28. Qc8+ Kh7 29. Nf4 Qg4 30. Ne6 Qxd1# 0-1

[Event "Titled Tuesday intern op 10th May Late"]
[Site "Chess.com INT"]
[Date "2022.05.10"]
[Round "2"]
[White "Terry, Renato"]
[Black "Vajda, Levente"]
[Result "1-0"]
[WhiteElo "2504"]
[BlackElo "2534"]
[PlyCount "113"]
[EventDate "2022.05.10"]
[EventType "swiss (blitz)"]
[EventRounds "11"]
[EventCountry "USA"]
[SourceTitle "CBM 208 Extra"]
[Source "ChessBase"]
[SourceDate "2022.07.31"]
[SourceVersion "1"]
[SourceVersionDate "2022.07.31"]
[SourceQuality "1"]

1. e4 e5 2. Nf3 Nc6 3. c3 d5 4. Qa4 dxe4 5. Nxe5 Qd5 6. Nxc6 bxc6 7. Bc4 Qd6 8. d3 exd3 9. 0-0 Bd7 10. Rd1 Nf6 11. Bxd3 Qc5 12. Nd2 Bd6 13. Re1+ Kf8 14. Nf3 h6 15. Qh4 Bg4 16. h3 Bxf3 17. gxf3 g5 18. Qc4 Qxc4 19. Bxc4 Kg7 20. Be3 c5 21. Rad1 Rhe8 22. b3 Nh5 23. Bf1 Nf4 24. Rd2 a5 25. Red1 Re6 26. a4 Rb8 27. Rc2 Re7 28. Rb1 Nd5 29. Bd2 Bf4 30. Bc4 Bxd2 31. Bxd5 Bf4 32. Be4 Rd8 33. b4 cxb4 34. cxb4 axb4 35. Rxb4 Rd1+ 36. Kg2 Red7 37. Re2 Ra1 38. Rb1 Ra3 39. Rc2 Rd4 40. Bc6 Bd6 41. Re1 Rb4 42. Rec1 Rd4 43. Re1 Rb4 44. Bb5 Rd4 45. Rec1 Rb4 46. Rc3 Ra2 47. R3c2 Ra3 48. Re1 Rd4 49. Re3 Ra1 50. Rd3 Rb4 51. f4 Bxf4 52. Rdc3 Bd6 53. Rf3 Rbb1 54. Rfc3 Bf4 55. Kf3 Rh1 56. Ke4 Rhe1+ 57. Kd5 1-0

[Event "Titled Tuesday intern op 10th May Late"]
[Site "Chess.com INT"]
[Date "2022.05.10"]
[Round "11"]
[White "Vajda, Levente"]
[Black "Pranav, V."]
[Result "0-1"]
[WhiteElo "2534"]
[BlackElo "2481"]
[PlyCount "66"]
[EventDate "2022.05.10"]
[EventType "swiss (blitz)"]
[EventRounds "11"]
[EventCountry "USA"]
[SourceTitle "CBM 208 Extra"]
[Source "ChessBase"]
[SourceDate "2022.07.31"]
[SourceVersion "1"]
[SourceVersionDate "2022.07.31"]
[SourceQuality "1"]

1. e4 e5 2. Nf3 Nc6 3. Bc4 Nf6 4. d3 Be7 5. 0-0 0-0 6. Nc3 d6 7. h3 Na5 8. Bb3 Nxb3 9. axb3 c5 10. Re1 h6 11. Ne2 a6 12. Ng3 Ne8 13. Nh2 Bh4 14. Qf3 Nc7 15. Nf5 Bg5 16. Bxg5 hxg5 17. Ne3 g6 18. c3 Kg7 19. Nhf1 Rh8 20. Ng3 Ne6 21. Rad1 Nf4 22. d4 Qf6 23. dxe5 Nxh3+ 24. Kf1 Qxf3 25. gxf3 dxe5 26. Rd5 Nf4 27. Rd6 Be6 28. c4 Rh2 29. Red1 Rah8 30. Ke1 Nh3 31. R1d2 Ng1 32. Kd1 Nxf3 33. Re2 Nd4 0-1

[Event "Titled Tuesday intern op 06th Apr"]
[Site "Chess.com INT"]
[Date "2021.04.06"]
[Round "1"]
[White "Vajda, Levente"]
[Black "Gombocz, Ferenc Jr"]
[Result "1-0"]
[WhiteElo "2534"]
[BlackElo "2280"]
[PlyCount "57"]
[EventDate "2021.04.06"]
[EventType "swiss (blitz)"]
[EventRounds "11"]
[EventCountry "USA"]
[SourceTitle "CBM 201 Extra"]
[Source "ChessBase"]
[SourceDate "2021.05.31"]
[SourceVersion "1"]
[SourceVersionDate "2021.05.31"]
[SourceQuality "1"]

1. e4 e5 2. Nf3 Nc6 3. Bc4 d6 4. d4 exd4 5. Nxd4 g6 6. Nxc6 bxc6 7. Qf3 Qe7 8. Bg5 f6 9. Be3 Be6 10. Bb3 Bg7 11. Nc3 Qf7 12. h4 h5 13. e5 Ne7 14. exd6 cxd6 15. 0-0-0 Bxb3 16. axb3 d5 17. g4 hxg4 18. Qxg4 f5 19. Qg3 a5 20. Bc5 0-0 21. h5 gxh5 22. Rdg1 f4 23. Qg5 Rfe8 24. Rxh5 d4 25. Bxd4 Nf5 26. Qxf5 Qxf5 27. Rxf5 Re1+ 28. Rxe1 Bxd4 29. Rg1+ 1-0

[Event "Titled Tuesday intern op 06th Apr"]
[Site "Chess.com INT"]
[Date "2021.04.06"]
[Round "3"]
[White "Vajda, Levente"]
[Black "Vukovic, Zdravko"]
[Result "0-1"]
[WhiteElo "2534"]
[BlackElo "2406"]
[PlyCount "80"]
[EventDate "2021.04.06"]
[EventType "swiss (blitz)"]
[EventRounds "11"]
[EventCountry "USA"]
[SourceTitle "CBM 201 Extra"]
[Source "ChessBase"]
[SourceDate "2021.05.31"]
[SourceVersion "1"]
[SourceVersionDate "2021.05.31"]
[SourceQuality "1"]

1. e4 d5 2. exd5 Qxd5 3. Nc3 Qd8 4. Nf3 Nf6 5. Bc4 c6 6. d4 b5 7. Bb3 e6 8. 0-0 Be7 9. Qe2 0-0 10. Ne4 Nbd7 11. c3 Bb7 12. Nxf6+ Nxf6 13. Be3 Nd5 14. Bc2 c5 15. dxc5 Qc7 16. Qd3 g6 17. Qxb5 Nxe3 18. fxe3 Bxc5 19. Rae1 Rab8 20. Qe2 Bxf3 21. Qxf3 Rxb2 22. Bb3 Qe5 23. h4 h5 24. Qf4 Qxc3 25. Qg5 Kg7 26. Kh1 Bd6 27. Rd1 Qe5 28. Qxe5+ Bxe5 29. Rd7 Bf6 30. Bxe6 Re2 31. Rf3 Bxh4 32. Bxf7 Rd8 33. Rxa7 Kh6 34. Bb3 Rdd2 35. Rf8 Bg3 36. Rh8+ Kg5 37. Ra5+ Kf6 38. Rf8+ Kg7 39. Rf1 Rxe3 40. Rd1 Rxd1+ 0-1